• 首页
  • 本馆介绍
  • 公告通知
  • 最新文献
  • 馆藏检索
  • 电子资源
  • 读者导购
  • 参考咨询
  • 我的图书馆
  • 登录
  • 详细信息显示
  • 放入我的书架
  • 预约/预借图书
  • 作者相关作品
  • 分类相关作品
  • 丛书相关作品
  • 出版社相关作品

书目信息

  • 表格格式
  • 工作单格式
  • 卡片格式
题名:
毛主席为青少年选的阅读诗词
    
 
作者: 叶燕 编
分册:  
出版信息: 北京   中国人民大学出版社  2016
页数: 10,232页
开本: 22cm
丛书名:
单 册:
中图分类: I222.72
科图分类:
主题词: 古典诗歌--gu dian shi ge--诗集--中国
电子资源:
ISBN: 978-7-300-21987-5
000 00672nam0 22002171 450
001 0102164900
005 20170502164900.0
010    @a978-7-300-21987-5@dCNY32.00
100    @a20160513d2016 demy0chiy50 ea
101 0  @achi
102    @aCN@b110000
105    @aa z 000gy
106    @ar
200 1  @a毛主席为青少年选的阅读诗词@9mao zhu xi wei qing shao nian xuan de yue du shi ci@f叶燕编
210    @a北京@c中国人民大学出版社@d2016
215    @a10,232页@c图,照片@d22cm
606 0  @a古典诗歌@9gu dian shi ge@x诗集@y中国
690    @aI222.72@v5
701  0 @a叶燕@9ye yan@c(女,@f1939~)@4编
801  0 @aCN@b百万庄@c20170308
905    @b1002274-9@dI222.72@e616@f6
    
    毛主席为青少年选的阅读诗词/叶燕编.-北京:中国人民大学出版社,2016
    10,232页:图,照片;22cm
    
    
    ISBN 978-7-300-21987-5:CNY32.00
    
●
相关链接 在E读中查询图书 在五车中查询图书 在当当中查询图书 在豆瓣中查询图书


正题名:毛主席为青少年选的阅读诗词     索取号:I222.72/616         预约/预借

序号 登录号 条形码 馆藏地/架位号 状态 备注
1 1002274   210022740   第一样本阅览室/ [索取号:I222.72/616] 在馆    
2 1002275   210022759   教育系资料室/ [索取号:I222.72/616] 在馆    
3 1002276   210022768   教育系资料室/ [索取号:I222.72/616] 在馆    
4 1002277   210022777   教育系资料室/ [索取号:I222.72/616] 在馆    
5 1002278   210022786   第二借阅区/ [索取号:I222.72/616] 在馆    
6 1002279   210022795   第二借阅区/ [索取号:I222.72/616] 在馆    
唐山师范学院图书馆 欢迎您!
大连网信软件有限公司© 版权所有